|
|
|
|
| LEADER |
00000nab a2200000 a 4500 |
| 001 |
vtls009082451 |
| 003 |
SK-MaSNL |
| 005 |
20260303065738.0 |
| 008 |
070724c20070717xo mr| 0 0slo |
| 038 |
|
|
|a RVGKPD
|
| 040 |
|
|
|a RVGKPD
|b slo
|c RVGKPD
|e AACR2
|
| 041 |
|
|
|a slo
|
| 044 |
|
|
|a xo
|c SK
|
| 080 |
|
|
|a 792
|2 1997
|
| 245 |
0 |
0 |
|a Herci Alena Ďuránová a Juraj Zetyák sa zasnúbili
|b tešia sa aj z prvého spoločného bytu
|c [autor] (ato)
|
| 300 |
|
|
|b Fotogr.
|
| 600 |
1 |
7 |
|a Ďuránová, Alena,
|d 1981-
|2 rvgkpd
|9 594002
|
| 600 |
1 |
7 |
|a Zetyák, Juraj,
|d 1977-
|2 rvgkpd
|9 885173
|
| 650 |
0 |
7 |
|a divadelní herci
|2 rvgkpd
|9 3347
|
| 650 |
0 |
7 |
|a rodáci
|2 snkbucl
|9 30842
|
| 651 |
|
7 |
|a Košice (Slovensko)
|2 rvgkpd
|9 18694
|
| 651 |
|
7 |
|a Rožňava (Slovensko)
|2 snkbucl
|9 17394
|
| 773 |
0 |
|
|t Korzár : Gemerský denník
|g Roč. IX, č. 163 (17.7.2007), s. 8
|x 1335-7581
|
| 852 |
|
|
|a RVGKPD
|b KIS3G
|
| 992 |
|
|
|a RBX
|
| 999 |
|
|
|c 1752489
|d 1754419
|